000 00979nam0a22002771 4500
001 rc\2309853
005 20110829141959.6
035 _a(NLR Aleph) 006670460
090 _a4983378
_c4983378
100 _a20110829d1977 |||y0rusy50 ca
101 0 _arus
102 _aRU
105 _aa z |||||
200 1 _aМоделирование производственных связей региона
_eУчеб. пособие
210 _aГорький
_cГГУ
_d1977
215 _a67 с., 2 л. табл.
_d20
300 _aВ надзаг.: Горьк. гос. ун-т им. Н.И. Лобачевского
606 _aБаланс межотраслевых связей
_xСоставление
_2rkp
700 1 _aШестериков
_bС. И.
_gСергей Иванович
801 0 _aRU
_bNLR
_gpsbo
801 1 _aRU
_bELAR
_2rusmarc
852 _aNLR
_j78-4/8450
899 _aRuMoRGB
_jБ 78-53/907
899 _aRuMoRGB
_jБ 78-53/908
942 _cBOOK
980 _aNB